Minőségbiztosítás az Ingatlan.com-nál agilis módszertan segítségével

Bibliographic Details
Main Author: Debreczeni Dávid
Other Authors: Gubán Dr. Ákos
Format: Thesis
Kulcsszavak:Agilitás
fejlesztési modellek
scrum
Online Access:http://dolgozattar.uni-bge.hu/9624

MARC

LEADER 00000nta a2200000 i 4500
001 dolg9624
005 20161220105438.0
008 161220suuuu hu om 000 hun d
040 |a BGE Dolgozattár Repozitórium  |b hun 
041 |a hu 
100 1 |a Debreczeni Dávid 
245 1 0 |a Minőségbiztosítás az Ingatlan.com-nál agilis módszertan segítségével  |c Debreczeni Dávid  |h [elektronikus dokumentum] 
246 1 1 |a Minőségbiztosítás az Ingatlan.com-nál agilis módszertan segítségével 
695 |a Agilitás 
695 |a fejlesztési modellek 
695 |a scrum 
700 1 |a Gubán Dr. Ákos  |e ths 
856 4 0 |u http://dolgozattar.uni-bge.hu/9624/1/Debreczeni%20D%C3%A1vid%20RCJ0KN%20Szakdolgozat%20v7.pdf  |z Dokumentum-elérés 
856 4 0 |u http://dolgozattar.uni-bge.hu/9624/7/nyilatkozat%20Debreczeni%20D%C3%A1vid%20RCJ0KN.pdf  |z Dokumentum-elérés